| 000 | 00791nam a2200229 a 4500 | ||
|---|---|---|---|
| 001 | 000001858 | ||
| 005 | 20200929145731.0 | ||
| 008 | 090629s2004 cu a 001 spa d | ||
| 020 | _a9592112673 | ||
| 040 | _aDO-SdBNP | ||
| 082 |
_a327 _bM538m |
||
| 100 | 1 |
_aMendez Mendez, Jose Luis _d1948 _96053 |
|
| 245 | 1 | 0 |
_aMensajeros de la muerte : _bCentoemérica la punta del iceberg / _cJosé Luis Méndez Méndez. |
| 260 |
_aLa Habana, _c2004. _bCapitán San Luis. |
||
| 440 | 0 |
_aDenuncia _95844 |
|
| 500 | _aIncluye datos biográficos | ||
| 650 | 4 |
_aTerrorismo _zAmérica Central _96054 |
|
| 650 | 4 |
_aContrarrevoluciones _zAmérica Central _96055 |
|
| 650 | 4 |
_aContrarrevoluciones _zCuba _96056 |
|
| 650 | 4 |
_aServicio secreto _zEstados Unidos _xRelaciones _zAmérica Central _96057 |
|
| 049 | _aBNPD | ||
| 999 |
_c1735 _d1735 |
||